000 01179cad a22002175a 4500
001 E147078
008 090330s2009 xxkod f 000 0 eng d
035 _a(Sirsi) u147078
041 0 _aeng
050 0 4 _a333.33 $2 18
110 2 _aJones Lang LaSalle
_93755
245 0 0 _aOffice asset repositioning
_bsecuring a premium position in Australia's CBD office markets
_h[electronic resource]
260 _a[Australia]
_bJLL
_c2009
520 _aLooks at "asset repositioning", which is defined as committing capital to major project to refurbish a building, at a point relative to the life cycle of the real estate asset, property cycle and tenant expiry profile. The aim of such refurbishment is to improve returns and guard against against future obsolescence. Evidence from the Australian market suggests that office buildings need a major refurbishment every 20-25 years if they are to remain competitive.
521 _aAdvanced
590 _aKA
651 4 _aAustralia
690 _aPROPERTY-COMMERCIAL PROPERTY-COMMERCIAL PROPERTY MARKET
856 4 0 _uhttps://www.joneslanglasalle.com.au
_zView the report free of charge at www.joneslanglasalle.com.au...
942 _n0
999 _c109435
_d109435